ՀՀ Գիտությունների ազգային ակադեմիայի հիմնարար գիտական գրադարան  =   Fundamental Scientific Library of NAS RA

The Scriptoria of Arts'akh and Utik' / (Record no. 540302)

MARC details
000 -LEADER
fixed length control field 00698nem a22002417a 4500
001 - CONTROL NUMBER
control field 2045380
003 - CONTROL NUMBER IDENTIFIER
control field AM-YEHGA
005 - DATE AND TIME OF LATEST TRANSACTION
control field 20260407093743.0
007 - PHYSICAL DESCRIPTION FIXED FIELD--GENERAL INFORMATION
fixed length control field aj canzn
008 - FIXED-LENGTH DATA ELEMENTS--GENERAL INFORMATION
fixed length control field 260112s2021 |||||||| |a|| r | 0 eng|d
034 1# - CODED CARTOGRAPHIC MATHEMATICAL DATA
Category of scale 1.000.000
040 ## - CATALOGING SOURCE
Original cataloging agency AM-YEHGA
041 0# - LANGUAGE CODE
Language code of text/sound track or separate title eng
100 1# - MAIN ENTRY--PERSONAL NAME
Personal name Badalyan, Gegham
245 14 - TITLE STATEMENT
Title The Scriptoria of Arts'akh and Utik' /
Statement of responsibility, etc. Gegham Badalyan ; Cartographer: M. Martirosyan.
255 ## - CARTOGRAPHIC MATHEMATICAL DATA
Statement of scale 1:1.000.000
260 ## - PUBLICATION, DISTRIBUTION, ETC.
Place of publication, distribution, etc. S. l. :
Name of publisher, distributor, etc. S. n.,
Date of publication, distribution, etc. 2021.
300 ## - PHYSICAL DESCRIPTION
Extent 1 map ;
Dimensions 38x44 cm.
650 14 - SUBJECT ADDED ENTRY--TOPICAL TERM
Topical term or geographic name entry element Writings
Geographic subdivision Artsakh (Armenia)
Form subdivision Map
650 14 - SUBJECT ADDED ENTRY--TOPICAL TERM
Topical term or geographic name entry element Writings
Geographic subdivision Utik (Province of the Kingdom of Armenia)
Form subdivision Map
700 1# - ADDED ENTRY--PERSONAL NAME
Personal name Martirosyan, Martin
Relationship ctg
942 ## - ADDED ENTRY ELEMENTS (KOHA)
Source of classification or shelving scheme Universal Decimal Classification
Koha item type Քարտեզներ / Maps
Holdings
Withdrawn status Lost status Source of classification or shelving scheme Damaged status Not for loan Collection Home library Current library Date acquired Total checkouts Full call number Barcode Date last seen Price effective from Koha item type Public note
    Universal Decimal Classification     Maps, atlases Fundamental Scientific Library Fundamental Scientific Library 12/01/2026   ք - 259 FL0701533 12/01/2026 12/01/2026 Քարտեզներ / Maps ILL Non-Circ.


ՀՀ ԳԱԱ հիմնարար գիտական գրադարան
ՀՀ,Երևան 0019
Մարշալ Բաղրամյան 24/6
հեռախոս:(374-10) 52-47-50
Հետադարձ կապ

All site content, except where otherwise noted, is licensed under a
Creative Commons License